00460pam a2200157 a 4500020002400000041001400024082001900038100001800057245007100075260005200146300002700198365001200225504001700237653001800254700003000272 a1556424671c8147.16 aenghNULL a617.7bBUR/OSH aBURATTO, L . aCATARACT SURGERY IN COMPLICATED CASES / cNULL.hTextual Documents aNULL : bJAYPEE BROTHERS MEDICAL PUB. , c2000. a466 : bxi ; cNULL .  a8147.16 aOPTHALMOLOGY aOPHTHALMOLOGY aOSHER, R .aMASKET, S .